Catálogo

Guía para realizar investigaciones sociales / (Registro nro. 47604)

Detalles MARC
000 -LEADER
fixed length control field 00879cam a2200265 i 4500
001 - CONTROL NUMBER
control field 47604
003 - CONTROL NUMBER IDENTIFIER
control field Mx-PuUPA
005 - DATE AND TIME OF LATEST TRANSACTION
control field 20240215115849.0
008 - FIXED-LENGTH DATA ELEMENTS--GENERAL INFORMATION
fixed length control field 140415s2000 mx gr 000 0 spa d
020 ## - INTERNATIONAL STANDARD BOOK NUMBER
International Standard Book Number 9688562625
040 ## - CATALOGING SOURCE
Original cataloging agency Mx-PuUPA
Language of cataloging spa
Transcribing agency Mx-PuUPA
Modifying agency Mx-PuUPA
Description conventions rda
041 0# - LANGUAGE CODE
Language code of text/sound track or separate title spa
100 1# - MAIN ENTRY--PERSONAL NAME
Personal name Rojas Soriano, Raúl,
Relator term autor
9 (RLIN) 5483
245 10 - TITLE STATEMENT
Title Guía para realizar investigaciones sociales /
Statement of responsibility, etc. Raúl Rojas Soriano
264 #1 - PRODUCTION, PUBLICATION, DISTRIBUTION, MANUFACTURE, AND COPYRIGHT NOTICE
Place of production, publication, distribution, manufacture México, D.F. :
Name of producer, publisher, distributor, manufacturer Plaza y Valdés Editores,
Date of production, publication, distribution, manufacture, or copyright notice [2000?]
300 ## - PHYSICAL DESCRIPTION
Extent 437 páginas ;
Dimensions 21 cm
336 ## - CONTENT TYPE
Fuente rdacontent
Content type term texto
Content type code txt
337 ## - MEDIA TYPE
Source rdamedia
Media type term sin medio
Media type code n
338 ## - CARRIER TYPE
Source rdacarrier
Carrier type term volumen
Carrier type code nc
650 #7 - SUBJECT ADDED ENTRY--TOPICAL TERM
Topical term or geographic name entry element Investigación social
Source of heading or term armarc
942 ## - ADDED ENTRY ELEMENTS (KOHA)
Source of classification or shelving scheme Dewey Decimal Classification
Koha item type Libro
Classification part 300.018
Item part R7413
Existencias
Withdrawn status Lost status Source of classification or shelving scheme Damaged status Not for loan Collection code Home library Current library Shelving location Date acquired Source of acquisition Total Checkouts Full call number Barcode Date last seen Price effective from Koha item type Copy number Date last checked out
Descarte   Dewey Decimal Classification     General Biblioteca Karol Wojtyla Biblioteca Karol Wojtyla Sala general 03/12/2013 Compra   300.018 R7413 2000 71839 17/07/2023 03/12/2013 Libro Ej.9  
    Dewey Decimal Classification     General Biblioteca Karol Wojtyla Biblioteca Karol Wojtyla Sala general 03/12/2013 Compra   300.018 R7413 2000 71840 05/01/2026 03/12/2013 Libro Ej.10  
    Dewey Decimal Classification     General Biblioteca Karol Wojtyla Biblioteca Karol Wojtyla Sala general 03/12/2013 Compra   300.018 R7413 2000 57604 05/01/2026 03/12/2013 Libro Ej.2  
    Dewey Decimal Classification     General Biblioteca Karol Wojtyla Biblioteca Karol Wojtyla Sala general 03/12/2013 Compra   300.018 R7413 2000 73994 05/01/2026 03/12/2013 Libro Ej.12 19/02/2015
    Dewey Decimal Classification     General Biblioteca Karol Wojtyla Biblioteca Karol Wojtyla Sala general 03/12/2013 Reposicion   300.018 R7413 2000 71834 05/01/2026 03/12/2013 Libro    
    Dewey Decimal Classification     General Biblioteca Karol Wojtyla Biblioteca Karol Wojtyla Sala general 03/12/2013 Compra   300.018 R7413 2000 71836 05/01/2026 03/12/2013 Libro Ej.6  
    Dewey Decimal Classification     General Biblioteca Karol Wojtyla Biblioteca Karol Wojtyla Sala general 03/12/2013 Compra   300.018 R7413 2000 71837 05/01/2026 03/12/2013 Libro Ej.7  
    Dewey Decimal Classification     General Biblioteca Karol Wojtyla Biblioteca Karol Wojtyla Sala general 03/12/2013 Compra   300.018 R7413 2000 71346 05/01/2026 03/12/2013 Libro Ej.4  
    Dewey Decimal Classification     General Biblioteca Karol Wojtyla Biblioteca Karol Wojtyla Sala general 03/12/2013 Compra   300.018 R7413 2000 71302 05/01/2026 03/12/2013 Libro Ej.3 21/03/2015
    Dewey Decimal Classification     General Biblioteca Karol Wojtyla Biblioteca Karol Wojtyla Sala general 03/12/2013 Compra   300.018 R7413 2000 71838 05/01/2026 03/12/2013 Libro Ej.8  
    Dewey Decimal Classification     General Biblioteca Karol Wojtyla Biblioteca Karol Wojtyla Sala general 03/12/2013 Compra   300.018 R7413 2000 71835 05/01/2026 03/12/2013 Libro Ej.5 26/02/2016
    Dewey Decimal Classification     General San Martín San Martín Sala general 03/12/2013 Compra   300.018 R7413 2000 71841 17/07/2023 03/12/2013 Libro Ej.11  
    Dewey Decimal Classification     General Tehuacán Tehuacán Sala general 03/12/2013 Compra   300.72 ROJ 504998 08/01/2025 03/12/2013 Libro